|
|
|
|
| LEADER |
01035pam a22003258a 4500 |
| 001 |
00033082 |
| 005 |
20171026081025.0 |
| 008 |
150402s2009 ||||||engsd |
| 020 |
# |
# |
|a 9780750686938
|
| 041 |
0 |
# |
|a eng
|
| 082 |
1 |
4 |
|a 338.4
|b M100R
|
| 100 |
1 |
# |
|a Middleton, Victor T. C.
|
| 245 |
1 |
0 |
|a Marketing in travel and tourism
|c Victor T.C. Middleton, Alan Fyall and Michael Morgan ; with contributions from Ashok Ranchhod.
|
| 250 |
# |
# |
|a 4th ed.
|
| 260 |
# |
# |
|a Amsterdam
|a Boston
|b Butterworth-Heinemann
|c 2009
|a London
|
| 300 |
# |
# |
|a xxv , 502 p.
|c 28 cm.
|
| 504 |
# |
# |
|a Includes bibliographical references (p. 487-491) and index
|
| 653 |
# |
# |
|a Customer services
|
| 653 |
# |
# |
|a Tourism
|
| 653 |
# |
# |
|a Marketing
|
| 653 |
# |
# |
|a Management.
|
| 700 |
1 |
# |
|a Fyall, Alan
|
| 700 |
1 |
# |
|a Morgan, Michael
|
| 700 |
1 |
# |
|a Ranchhod, Ashok
|
| 852 |
# |
# |
|j KD.0016523
|
| 852 |
# |
# |
|b Kho đọc
|j KD.0016523
|
| 910 |
0 |
# |
|a kchi
|d 2/4/2015
|
| 980 |
# |
# |
|a Trung tâm Học liệu Lê Vũ Hùng, Trường Đại học Đồng Tháp
|